| 000 | 01127cam a22002651i 4500 | ||
|---|---|---|---|
| 003 | SA-RiAUC | ||
| 005 | 20250516160501.0 | ||
| 008 | 250515s1990 ||| g 000 0 ara c | ||
| 040 |
_aSA-MuMU _bara _cSA-RiAUC _erda |
||
| 082 | 0 | 4 | _a410 |
| 090 |
_a410 _b ح ق ي |
||
| 100 | 1 |
_aالحقيل، عبد الله بن حمد بن عبد الله، _d1354 هجري- _eمؤلف. |
|
| 245 | 1 | 2 |
_aالشذرات في اللغة والأدب والتاريخ والتربية / _cتأليف عبد الله بن حمد الحقيل. |
| 264 | 1 |
_a[مكان النشر غير محدد] : _b[الناشر غير محدد]، _c1990 |
|
| 300 |
_a273 صفحة؛ _c24 سم. |
||
| 336 |
_aنص _btxt _2rdacontent _3كتاب |
||
| 337 |
_aبدون وسيط _bn _2rdamedia |
||
| 338 |
_aمجلد _bnc _2rdacarrier |
||
| 650 | 7 |
_aالمقالات العربية _2aucsh |
|
| 650 | 7 |
_aالأدب _vمقالات ومحاضرات _2aucsh |
|
| 650 | 7 |
_aالتعليم _vمقالات ومحاضرات _2aucsh |
|
| 650 | 7 |
_aالتاريخ _vمقالات ومحاضرات _2aucsh |
|
| 942 |
_2ddc _cBOOK _n0 |
||
| 949 |
_aSA-JeALM _d250515 _umohamedma123 _n1 |
||
| 999 |
_c7990 _d7990 |
||